000 00315nam a22001337a 4500
008 171024b xxu||||| |||| 00| 0 eng d
020 _a9780534198695
041 _aeng
080 _a311
100 _a55
101 _aSTA
245 _aREGRESSION ANALYSIS CONCEPTS AND APLLICATION
_cIYER.H.K
942 _2udc
_cBK
999 _c35784
_d35784